Physics Symbols - Statistics

General Stats
  • This quiz has been taken 124 times
    111 since last reset
  • The average score is 11 of 33
Answer Stats
Symbols Answer % Correct
m = mass
94%
F = force
90%
t = time
90%
a = acceleration
83%
E = energy
70%
g = gravity
59%
d = distance
58%
Ek = kinetic energy
58%
Ep = potential energy
56%
h = height
53%
λ = wavelength
46%
s = displacement
37%
P = power
37%
c = speed of light / velocity of light
33%
W = weight
33%
p = momentum
32%
l = length
31%
G = universal constant of gravitation
30%
f = frequency
29%
v = final speed / final velocity
26%
u = initial speed / initial velocity
26%
Ew = work done
18%
γ = gamma / lorentz factor
13%
z = red shift
9%
t' = time measured by stationary observer
3%
Ho = hubble constant
2%
l' = length measured by stationary observer
2%
r = distance between masses
1%
fo = frequency heard by observer
0%
fs = frequency of the source of the sound
0%
vs = velocity of the source
0%
λrest = wavelength measured at source
0%
λobserved = wavelength measured by observer
0%
No matching quizzes found
Score Distribution
Percent of People with Each Score
Percentile by Number Answered
Your Score History
You have not taken this quiz since the last reset